[Event "2005 Standard Chess Dropout Tournament, Round 2"]
[Site "SchemingMind.com"]
[Date "2005.04.04"]
[Round "2"]
[White "Barry"]
[Black "pudutse"]
[Result "0-1"]
[WhiteCountry "GBR"]
[BlackCountry "ARG"]
[WhiteElo "1741"]
[WhiteRD "82"]
[BlackElo "1846"]
[BlackRD "87"]
[GameID "12014"]

1. e4 e5 2. Nf3 Nc6 3. Bb5 a6 4. Ba4 b5 5. Bb3 Nf6 6. d3 d6 7. Bg5 Be7 8. O-O O-O 9. h3 Be6 10. Nc3 h6
11. Bh4 Na5 12. Bxe6 fxe6 13. Ne2 c5 14. a3 Nc6 15. c3 Nh7 16. Bxe7 Qxe7 17. Qd2 Rad8 18. b4 d5 19. Qb2 Rxf3 20. gxf3 Rf8
21. Kh2 Rxf3 22. Ng3 Qh4 23. Rg1 Ng5 24. Rg2 Nxh3 25. Rh1 Nxf2+ 26. Kg1 Nxh1 27. Nxh1 Rh3 28. Nf2 Re3 29. Qd2 Rg3 30. Rxg3 Qxg3+
0-1

[Event "2005 Standard Chess Dropout Tournament, Round 2"]
[Site "SchemingMind.com"]
[Date "2005.04.05"]
[Round "2"]
[White "Bass CCelik"]
[Black "calipo"]
[Result "0-1"]
[WhiteCountry "BRA"]
[BlackCountry "ARG"]
[WhiteElo "1716"]
[WhiteRD "127"]
[BlackElo "2032"]
[BlackRD "96"]
[GameID "12015"]

1. c4 Nf6 2. d4 g6 3. Nc3 Bg7 4. e4 d6 5. Nf3 O-O 6. Be2 e5 7. O-O Nc6 8. d5 Ne7 9. Bg5 Nh5 10. Qd2 f6
11. Be3 f5 12. Bg5 Nf6 13. Bxf6 Rxf6
0-1

[Event "2005 Standard Chess Dropout Tournament, Round 2"]
[Site "SchemingMind.com"]
[Date "2005.04.04"]
[Round "2"]
[White "C. H. O'D. Schlechter"]
[Black "SharpNova"]
[Result "1-0"]
[WhiteCountry "USA"]
[BlackCountry "USA"]
[WhiteElo "2184"]
[WhiteRD "74"]
[BlackElo "1886"]
[BlackRD "83"]
[GameID "12016"]

1. e4 e5 2. Nf3 Nc6 3. Bb5 a6 4. Bxc6 dxc6 5. O-O Qd6 6. Na3 Be6 7. Qe2 f6 8. Rd1 Bg4 9. c3 Qe6 10. Nc2 Bd6
11. Ne3 Bh5 12. Nf1 O-O-O 13. Ng3 Bg6 14. d4 Ne7 15. Be3 exd4 16. Nxd4 Qd7 17. Nb3 h5 18. Nc5 Qe8 19. Ne6 h4 20. Nxg7 Qf7
21. N3f5 Kb8 22. Qg4 Rhg8 23. Nxe7 Rxg7 24. Nf5 Bxf5 25. Qxf5 Rdg8 26. g3 Rh8 27. Bd4 hxg3 28. hxg3 Rgh7 29. b4 Qg8 30. Qf3 Rh3
31. Kg2 Rh2+ 32. Kf1 R8h3 33. Be3 Bxg3 34. fxg3 Qc4+ 35. Kg1 Rh1+ 36. Qxh1 Rxh1+ 37. Kxh1 Qxe4+ 38. Kh2 Qxe3 39. Rdc1 Qd2+ 40. Kh3 f5
41. a4 b6 42. Rab1 Qh6+ 43. Kg2 Qe3 44. c4 c5 45. b5 Qe2+ 46. Kh3
1-0

[Event "2005 Standard Chess Dropout Tournament, Round 2"]
[Site "SchemingMind.com"]
[Date "2005.04.04"]
[Round "2"]
[White "calipo"]
[Black "cleverman"]
[Result "1-0"]
[WhiteCountry "ARG"]
[BlackCountry "USA"]
[WhiteElo "2032"]
[WhiteRD "96"]
[BlackElo "1630"]
[BlackRD "79"]
[GameID "12018"]

1. e4 c5 2. Nf3 d6 3. d4 cxd4 4. Nxd4 Nf6 5. Nc3 g6 6. Be3 Bg7 7. f3 O-O 8. Qd2 Nc6 9. Bc4 a6 10. O-O Ne5
11. Bb3 Bd7 12. Rad1 Rc8 13. Bh6 Qb6 14. Nd5 Qd8 15. Nxf6+ exf6 16. Bxg7 Kxg7 17. c3 Qb6 18. Qf2 Bc6 19. Ne6+ fxe6 20. Qxb6 Nd7
21. Qb4 d5 22. exd5 exd5 23. Bxd5 Ne5 24. Bxc6 Nxc6 25. Rd7+ Kh6 26. Qh4#
1-0

[Event "2005 Standard Chess Dropout Tournament, Round 2"]
[Site "SchemingMind.com"]
[Date "2005.04.04"]
[Round "2"]
[White "Calypso"]
[Black "IncitatoX"]
[Result "1-0"]
[WhiteCountry "AUS"]
[BlackCountry "ARG"]
[WhiteElo "1552"]
[WhiteRD "125"]
[BlackElo "1455"]
[BlackRD "66"]
[GameID "12019"]

1. e4 e5 2. Nc3 Nc6 3. Nf3 d6 4. Be2 Nf6 5. d4 d5 6. dxe5 dxe4 7. exf6 exf3 8. Bxf3 Qxf6 9. Qe2+ Be6 10. O-O Be7
11. Be3 O-O 12. Nb5 Ne5 13. Nxc7 Rac8 14. Nxe6 Nxf3+ 15. Qxf3 Qxe6 16. c3 f5 17. Rfe1 Qf6 18. Bd4 Qg5 19. a4 b6 20. b4 Bf6
21. a5 Bxd4 22. cxd4 b5 23. Qd5+ Kh8 24. Qxb5 h5 25. h3 Qf4 26. d5 Rb8 27. Qc5 Rbc8 28. Qxa7 Qd2 29. a6 f4 30. Qb7 f3
31. d6 Rc2 32. Rf1 Qxd6 33. Ra3 Qg6 34. Rxf3 Rfc8 35. a7 Rc1 36. a8=Q Rxf1+ 37. Kxf1 Qb1+ 38. Ke2 Qc2+ 39. Ke3
1-0

[Event "2005 Standard Chess Dropout Tournament, Round 2"]
[Site "SchemingMind.com"]
[Date "2005.04.04"]
[Round "2"]
[White "catsnack"]
[Black "sicilianchameleon"]
[Result "1-0"]
[WhiteCountry "AUS"]
[BlackCountry "USA"]
[WhiteElo "2023"]
[WhiteRD "101"]
[BlackElo "1573"]
[BlackRD "99"]
[GameID "12020"]

1. e4 e5 2. Nf3 Nc6 3. Bb5 a6 4. Bxc6 dxc6 5. O-O Qd6 6. d3 f6 7. Nbd2 Be6 8. b3 c5 9. Nc4 Bxc4 10. bxc4 b6
11. Be3 Qc6 12. a4 Bd6 13. Nh4 Ne7 14. Qh5+ g6 15. Qh6 Kf7 16. Bd2 a5 17. g3 Ng8 18. Qe3 g5 19. Ng2 Qd7 20. Qe2 g4
21. f3 gxf3 22. Qxf3 Rf8 23. Qh5+ Ke7 24. Nh4 Qe8 25. Nf5+ Kd7 26. Qxe8+ Rxe8 27. Bh6 Bf8 28. Bg7 Bxg7 29. Nxg7 h5 30. Nxe8 Kxe8
31. Rf3 Rh6 32. Raf1 Kf7 33. Kg2 h4 34. gxh4 Rxh4 35. Rh3 Rg4+ 36. Rg3 Rxg3+ 37. Kxg3 Nh6 38. Kh4
1-0

[Event "2005 Standard Chess Dropout Tournament, Round 2"]
[Site "SchemingMind.com"]
[Date "2005.04.07"]
[Round "2"]
[White "cleverman"]
[Black "Oskyrain"]
[Result "0-1"]
[WhiteCountry "USA"]
[BlackCountry "ARG"]
[WhiteElo "1659"]
[WhiteRD "78"]
[BlackElo "2104"]
[BlackRD "103"]
[GameID "12021"]

1. e4 c5 2. Nf3 Nc6 3. d4 cxd4 4. Nxd4 e5 5. Nb5 Nf6 6. N1c3 Bb4 7. Bg5 O-O 8. Qd3 a6 9. Nd6 Nd4 10. Nc4 Ne6
11. Bh4 Nf4 12. Qe3 d5 13. exd5 N4xd5 14. Qf3 Nxc3 15. bxc3 Qd4 16. Bxf6 Bxc3+ 17. Ke2 Bg4
0-1

[Event "2005 Standard Chess Dropout Tournament, Round 2"]
[Site "SchemingMind.com"]
[Date "2005.04.04"]
[Round "2"]
[White "CunningBill"]
[Black "Pen2Paper"]
[Result "1-0"]
[WhiteCountry "USA"]
[BlackCountry "CAN"]
[WhiteElo "1613"]
[WhiteRD "75"]
[BlackElo "1384"]
[BlackRD "118"]
[GameID "12022"]

1. e4 e6 2. d4 b6 3. Nf3 Bb7 4. Nc3 Bb4 5. Bd2 Bxc3 6. Bxc3 Bxe4 7. Bd3 Bb7 8. O-O Nf6 9. Bb4 Nc6 10. Ba3 d6
11. Re1 O-O 12. c4 Ne7 13. Rc1 c5 14. h3 Nf5 15. d5 exd5 16. Bxf5 dxc4 17. b3 cxb3 18. axb3 Re8 19. Rxe8+ Qxe8 20. Qxd6 Rd8
21. Qc7 Bxf3 22. gxf3 Nd5 23. Qxa7 Nf4 24. Kf1 Qe2+ 25. Kg1 Rd1+ 26. Rxd1 Qxd1+ 27. Kh2 g6 28. Qb8+ Kg7 29. Bb2+ Kh6 30. Qxf4+ g5
31. Qe5
1-0

[Event "2005 Standard Chess Dropout Tournament, Round 2"]
[Site "SchemingMind.com"]
[Date "2005.04.04"]
[Round "2"]
[White "David Houpt"]
[Black "dmichael"]
[Result "1/2-1/2"]
[WhiteCountry "GBR"]
[BlackCountry "USA"]
[WhiteElo "1984"]
[WhiteRD "157"]
[BlackElo "2045"]
[BlackRD "89"]
[GameID "12023"]

1. e4 e6 2. d4 d5 3. Nc3 Nf6 4. Bg5 dxe4 5. Nxe4 Be7 6. Bxf6 Bxf6 7. Nf3 Nd7 8. Qd2 O-O 9. O-O-O b6 10. Bc4 Bb7
11. Qf4 Bd5 12. Bxd5 exd5 13. Nxf6+ Nxf6 14. Rhe1 a5 15. Ne5 Qd6 16. g4 Rae8 17. f3 Nd7 18. Nd3 Qxf4+ 19. Nxf4 c6 20. h4 f6
21. b3=
1/2-1/2

[Event "2005 Standard Chess Dropout Tournament, Round 2"]
[Site "SchemingMind.com"]
[Date "2005.04.05"]
[Round "2"]
[White "dinoladetto"]
[Black "the gadget"]
[Result "0-1"]
[WhiteCountry "ITA"]
[BlackCountry "ENG"]
[WhiteElo "1710"]
[WhiteRD "83"]
[BlackElo "1999"]
[BlackRD "106"]
[GameID "12024"]

1. e4 c5 2. Nf3 Nc6 3. d4 cxd4 4. Nxd4 g6 5. Nc3 Bg7 6. Be3 Nf6 7. f3 O-O 8. Bc4 Qb6 9. Bb3 Nxe4 10. Nxe4 Bxd4
11. Bxd4 Nxd4 12. Qd3 d5 13. Nd2 Bf5 14. Qc3 Rfc8 15. Qxc8+ Rxc8 16. c3 Nc2+
0-1

[Event "2005 Standard Chess Dropout Tournament, Round 2"]
[Site "SchemingMind.com"]
[Date "2005.04.07"]
[Round "2"]
[White "dmichael"]
[Black "reptile"]
[Result "1-0"]
[WhiteCountry "USA"]
[BlackCountry "ISR"]
[WhiteElo "2102"]
[WhiteRD "99"]
[BlackElo "1797"]
[BlackRD "90"]
[GameID "12025"]

1. c4 Nf6 2. g3 g6 3. Bg2 Bg7 4. Nc3 O-O 5. d3 d6 6. Rb1 c5 7. e3 Nc6 8. Nge2 Bd7 9. a3 Qc8 10. O-O Bh3
11. b4 Bxg2 12. Kxg2 Rd8 13. b5 Nb8 14. e4 Nbd7 15. f3 Nf8 16. Qc2 h5 17. a4 N8h7 18. Bd2 h4 19. gxh4 Nh5 20. Ng3 N7f6
21. a5 Qd7 22. Rbe1 e5 23. Nxh5 Nxh5 24. Bg5 Bf6 25. Nd5 Kg7 26. Nxf6 Nxf6 27. f4 Nh5 28. Bxd8 Rxd8 29. f5 Rh8 30. Qd2 Nf4+
31. Rxf4 exf4 32. Qxf4 Qd8 33. fxg6 fxg6 34. Rf1 Qxa5 35. h5 Rg8 36. hxg6
1-0

[Event "2005 Standard Chess Dropout Tournament, Round 2"]
[Site "SchemingMind.com"]
[Date "2005.04.04"]
[Round "2"]
[White "faaus"]
[Black "Jim"]
[Result "1-0"]
[WhiteCountry "ARG"]
[BlackCountry "ENG"]
[WhiteElo "2037"]
[WhiteRD "110"]
[BlackElo "1553"]
[BlackRD "80"]
[GameID "12027"]

1. e4 e5 2. Nf3 Nc6 3. d4 exd4 4. Nxd4 Nxd4 5. Qxd4 Qe7 6. Nc3 d6 7. Nd5 Qd8 8. Bf4 c6 9. Nc3 c5 10. Qd2 g6
11. O-O-O Bd7 12. Bxd6 Bxd6 13. Qxd6 Qg5+ 14. f4 Qe7 15. Bb5 Qxd6 16. Rxd6 Bxb5 17. Nxb5 Ke7 18. Rhd1 a6 19. Rd7+ Kf6 20. e5+ Kf5
21. Nd6+ Kxf4 22. Nxf7 Nf6 23. exf6 Rhf8 24. Rf1+ Ke3 25. Re7+ Kd4 26. Rd1+ Kc4 27. Rxb7
1-0

[Event "2005 Standard Chess Dropout Tournament, Round 2"]
[Site "SchemingMind.com"]
[Date "2005.04.04"]
[Round "2"]
[White "fifi"]
[Black "Raimondi"]
[Result "1-0"]
[WhiteCountry "CAN"]
[BlackCountry "PER"]
[WhiteElo "2004"]
[WhiteRD "99"]
[BlackElo "1573"]
[BlackRD "67"]
[GameID "12028"]

1. e4 e5 2. Nf3 Nc6 3. Bb5 a6 4. Ba4 Bc5 5. O-O b5 6. Bb3 Nf6 7. a4 Bb7 8. Nc3 b4 9. Nd5 O-O 10. d3 h6
11. Be3 Bxe3 12. fxe3 d6 13. Nxf6+ gxf6 14. Nh4 Bc8 15. Qh5 Kg7 16. Rf3 Ne7 17. Rg3+ Kh7 18. Bxf7
1-0

[Event "2005 Standard Chess Dropout Tournament, Round 2"]
[Site "SchemingMind.com"]
[Date "2005.04.05"]
[Round "2"]
[White "Gambito"]
[Black "C. H. O'D. Schlechter"]
[Result "0-1"]
[WhiteCountry "ESP"]
[BlackCountry "USA"]
[WhiteElo "1604"]
[WhiteRD "138"]
[BlackElo "2184"]
[BlackRD "74"]
[GameID "12029"]

1. e4 e5 2. Nf3 Nc6 3. Bc4 Nf6 4. d3 Be7 5. O-O O-O 6. c3 d5 7. exd5 Nxd5 8. Re1 Bg4 9. h3 Bh5 10. Nbd2 Nf4
11. Nf1 Na5 12. Bb5 a6 13. Bxf4 exf4 14. Ba4 c5 15. N1h2 Qc7 16. d4 b5 17. Bc2 Rad8 18. Qd3 f5 19. Qe2 Nc6 20. Qe6+ Kh8
0-1

[Event "2005 Standard Chess Dropout Tournament, Round 2"]
[Site "SchemingMind.com"]
[Date "2005.04.04"]
[Round "2"]
[White "Gary"]
[Black "Calypso"]
[Result "1-0"]
[WhiteCountry "ENG"]
[BlackCountry "AUS"]
[WhiteElo "1714"]
[WhiteRD "61"]
[BlackElo "1552"]
[BlackRD "125"]
[GameID "12030"]

1. e4 e5 2. Nf3 d6 3. d4 Nd7 4. Bc4 Ngf6 5. Ng5 d5 6. exd5 h6 7. Nf3 exd4 8. O-O c6 9. dxc6 bxc6 10. Qxd4 Bc5
11. Re1+ Be7 12. Qd6 c5 13. Nc3 Rb8 14. Bf4 Rb6 15. Qc7 Qxc7 16. Bxc7 Rb7 17. Bd6 Nb6 18. Bb5+ Bd7 19. Bxe7 Nbd5 20. Bxf6+ Kf8
21. Nxd5 gxf6 22. Bxd7 Rxd7 23. Nxf6 Rd8 24. Rad1 Rc8 25. Rd7 a5 26. Ree7 Kg7 27. Rxf7+ Kg6 28. Nh4+ Kg5 29. Rd5+ Kxh4 30. g3+ Kh3
31. Rh5#
1-0

[Event "2005 Standard Chess Dropout Tournament, Round 2"]
[Site "SchemingMind.com"]
[Date "2005.04.04"]
[Round "2"]
[White "guiri1967"]
[Black "CunningBill"]
[Result "0-1"]
[WhiteCountry "BEL"]
[BlackCountry "USA"]
[WhiteElo "1578"]
[WhiteRD "71"]
[BlackElo "1613"]
[BlackRD "75"]
[GameID "12033"]

1. e4 e5 2. Bc4 Nf6 3. Nh3 Bc5 4. O-O d5 5. exd5 Bxh3 6. gxh3 Ne4 7. Qf3 Qg5+ 8. Kh1 Qh4 9. d3 Nxf2+ 10. Rxf2 Qxf2
11. Qxf2 Bxf2 12. Nc3 O-O 13. Ne4 Bh4 14. d6 cxd6 15. Nxd6 Nc6 16. Nxb7 Nd4 17. c3 Ne2 18. Nd6 Rad8 19. Bxf7+ Kh8 20. Nf5 Rxf7
21. Nxh4 Rf1+ 22. Kg2 Rdf8 23. Be3 Rxa1
0-1

[Event "2005 Standard Chess Dropout Tournament, Round 2"]
[Site "SchemingMind.com"]
[Date "2005.04.04"]
[Round "2"]
[White "Harold"]
[Black "ohfreak"]
[Result "1-0"]
[WhiteCountry "GBR"]
[BlackCountry "USA"]
[WhiteElo "1535"]
[WhiteRD "89"]
[BlackElo "1463"]
[BlackRD "107"]
[GameID "12034"]

1. e4 Nf6 2. Nc3 d5 3. e5 Nfd7 4. e6 fxe6 5. Bb5 g6 6. Qe2 c6 7. Ba4 Nc5 8. d4 Nxa4 9. Nxa4 Bg7 10. Nf3 Qd6
11. O-O Nd7 12. Re1 b5 13. Nc3 Nb6 14. Ng5 e5 15. dxe5 Qc7 16. Qf3 Rf8 17. Qg3 Nc4 18. b3 Nxe5 19. Nxh7 Rf7 20. Bf4 Qa5
21. Bxe5 Bxe5 22. Qxe5 Rxh7 23. Re3 Bf5 24. Rh3 Bxh3 25. gxh3 Qb6 26. Re1 Qc5 27. Re3 Rd8 28. Qg5 Kf7 29. Rg3 Rd6 30. Ne4 Qb4
31. Nxd6+ Qxd6 32. Rf3+ Ke8 33. Qg3 e5 34. Re3 Re7 35. f4 exf4 36. Rxe7+ Kxe7 37. Qh4+ Ke8 38. Qh8+ Kf7 39. Qa8 Qc5+ 40. Kg2 Qxc2+
41. Kf3
1-0

[Event "2005 Standard Chess Dropout Tournament, Round 2"]
[Site "SchemingMind.com"]
[Date "2005.04.04"]
[Round "2"]
[White "Henry Winter"]
[Black "Bass CCelik"]
[Result "1-0"]
[WhiteCountry "IRL"]
[BlackCountry "BRA"]
[WhiteElo "1903"]
[WhiteRD "167"]
[BlackElo "1733"]
[BlackRD "128"]
[GameID "12035"]

1. e4 c5 2. Nf3 d6 3. d4 cxd4 4. Nxd4 Nf6 5. Nc3 a6 6. Bg5 e6 7. f4 h6 8. Bh4 Be7 9. Qf3 e5 10. Nf5 Bxf5
11. exf5 Nc6 12. O-O-O exf4 13. Qxf4 O-O 14. Kb1 Re8 15. Be2 Rc8 16. Bf3 Ne5 17. Bxf6 Bxf6 18. Bxb7 Rxc3 19. bxc3 Qb6+ 20. Qb4 Qa7
21. Rxd6 Rb8 22. Rxa6 Qxb7 23. Qxb7 Rxb7+ 24. Ka1 Nc4 25. Rxf6 gxf6 26. Rb1 Re7 27. a4 Re5 28. Rb5 Kg7 29. Ka2
1-0

[Event "2005 Standard Chess Dropout Tournament, Round 2"]
[Site "SchemingMind.com"]
[Date "2005.04.04"]
[Round "2"]
[White "Huima"]
[Black "David Houpt"]
[Result "0-1"]
[WhiteCountry "FIN"]
[BlackCountry "GBR"]
[WhiteElo "1615"]
[WhiteRD "131"]
[BlackElo "1950"]
[BlackRD "145"]
[GameID "12036"]

1. d4 Nf6 2. c4 e6 3. Nf3 Bb4+ 4. Nbd2 b6 5. g3 Bb7 6. Bg2 a5 7. O-O O-O 8. a3 Be7 9. Qc2 a4 10. b4 axb3
11. Qxb3 d5 12. a4 Nc6 13. cxd5 exd5 14. Bb2 Ne4 15. e3 Na5 16. Qc2 Re8 17. Nxe4 dxe4 18. Nd2 f5 19. Qc3 Qd7 20. Bh3 Bg5
21. Nc4 Nxc4 22. Qxc4+ Bd5 23. Qb5 Qf7 24. Rac1 Bd8 25. Rc3 c6 26. Qb4 Be7 27. Qxb6 Reb8
0-1

[Event "2005 Standard Chess Dropout Tournament, Round 2"]
[Site "SchemingMind.com"]
[Date "2005.04.04"]
[Round "2"]
[White "Jim"]
[Black "wonko"]
[Result "0-1"]
[WhiteCountry "ENG"]
[BlackCountry "FIN"]
[WhiteElo "1516"]
[WhiteRD "82"]
[BlackElo "1897"]
[BlackRD "78"]
[GameID "12038"]

1. e4 c5 2. Bc4 e6 3. Nf3 d5 4. Bb5+ Nc6 5. exd5 exd5 6. O-O Nf6 7. Ne5 Qb6 8. Qe2 Be6 9. Re1 O-O-O 10. Nxc6 bxc6
11. Ba6+ Kb8 12. Bd3 c4 13. Bf5 Bxf5 14. Qe5+ Bd6 15. Qxf5 d4 16. Na3 Bxa3 17. bxa3 Rhe8 18. Rxe8 Rxe8 19. Kf1 Qc7 20. d3 Qe7
21. Bf4+ Ka8 22. dxc4 Qe2+ 23. Kg1 Qe1+
0-1

[Event "2005 Standard Chess Dropout Tournament, Round 2"]
[Site "SchemingMind.com"]
[Date "2005.04.04"]
[Round "2"]
[White "Jorge Anibal DEKMAK"]
[Black "fifi"]
[Result "0-1"]
[WhiteCountry "ARG"]
[BlackCountry "CAN"]
[WhiteElo "2038"]
[WhiteRD "101"]
[BlackElo "2191"]
[BlackRD "80"]
[GameID "12039"]

1. e4 c5 2. Nf3 Nc6 3. d4 cxd4 4. Nxd4 Nf6 5. Nc3 e5 6. Ndb5 d6 7. Bg5 a6 8. Na3 b5 9. Bxf6 gxf6 10. Nd5 f5
11. Bd3 Be6 12. O-O Bxd5 13. exd5 Ne7 14. c3 Bg7 15. Qh5 e4 16. Bc2 Qc8 17. Rae1 O-O 18. Kh1 Ng6 19. Bb1 Re8 20. f3 b4
21. cxb4 Bxb2 22. Nc2 Bc3 23. Re2 Qc4 24. fxe4 Rxe4 25. Ref2 Re5 26. Qf3 Rae8 27. a3 f4 28. Rd1 Re4 29. Ba2 Qxa2 30. Qxc3 Re2
31. Kg1 R8e4 32. Rd2 Rxd2 33. Qxd2 Ne5 34. Qd1 Qb3 35. h3 Rc4 36. Qe2 Qg3 37. Qd1 Rc3 38. Qf1 f3 39. b5 axb5 40. Qxb5 h5
41. Qf1 Qg6 42. Qb1 Kh7 43. Qb2 Rd3 44. Qb1 fxg2 45. Ne1 Rxh3 46. Qxg6+ fxg6 47. Nc2 Rd3 48. a4 h4 49. Rxg2 h3 50. Re2 g5
51. Ne3 g4 52. Kf2 Kg6 53. a5 Kg5 54. a6 Ra3 55. Nf1 Rxa6 56. Ng3 Nd3+
0-1

[Event "2005 Standard Chess Dropout Tournament, Round 2"]
[Site "SchemingMind.com"]
[Date "2005.04.04"]
[Round "2"]
[White "JPT"]
[Black "dinoladetto"]
[Result "1-0"]
[WhiteCountry "INT"]
[BlackCountry "ITA"]
[WhiteElo "1782"]
[WhiteRD "90"]
[BlackElo "1724"]
[BlackRD "82"]
[GameID "12040"]

1. e4 e5 2. Bb5 Nf6 3. d4 c6 4. dxe5 cxb5 5. exf6 Qxf6 6. Nf3 Nc6 7. O-O Bc5 8. e5 Qe6 9. Ng5 Qf5 10. Qf3 d6
11. exd6 Nd4 12. Re1+ Be6 13. Nxe6 fxe6 14. Qxf5 Nxf5 15. Rxe6+ Kd7 16. Re5 Rae8 17. Rxe8 Rxe8 18. Be3 Nxe3 19. fxe3 Bxe3+ 20. Kf1 Bc1
21. a4 b4 22. b3 a5 23. Ra2 Bf4 24. g3 Be5 25. Nd2 Kxd6 26. Nc4+ Kd5 27. Nxa5 b6 28. Nc4
1-0

[Event "2005 Standard Chess Dropout Tournament, Round 2"]
[Site "SchemingMind.com"]
[Date "2005.04.04"]
[Round "2"]
[White "juanca"]
[Black "lea_dc"]
[Result "0-1"]
[WhiteCountry "ESP"]
[BlackCountry "ARG"]
[WhiteElo "1404"]
[WhiteRD "163"]
[BlackElo "1615"]
[BlackRD "88"]
[GameID "12041"]

1. e4 c5 2. Nc3 Nc6 3. Nf3 d6 4. Bb5 a6 5. Ba4 b5 6. Bxb5 axb5 7. Nxb5 Ba6 8. Nc3 Nf6 9. d3 g6 10. O-O Bg7
11. Ne2 O-O 12. a3 Rb8 13. Rb1 Nd7 14. Nf4 f5 15. Ne6 Qe8 16. Nxf8 Qxf8 17. Ng5 Qf6 18. exf5 Qxf5 19. Re1 Nde5 20. Nh3 Nd4
21. Re3 Rf8 22. Qd2 Bh6 23. f4 g5 24. g3 Nef3+ 25. Kg2 Nxd2 26. Bxd2 Bb7+
0-1

[Event "2005 Standard Chess Dropout Tournament, Round 2"]
[Site "SchemingMind.com"]
[Date "2005.04.05"]
[Round "2"]
[White "Kaspov"]
[Black "dvalade"]
[Result "1-0"]
[WhiteCountry "ARG"]
[BlackCountry "CAN"]
[WhiteElo "1339"]
[WhiteRD "99"]
[BlackElo "1224"]
[BlackRD "95"]
[GameID "12042"]

1. e4 d5 2. exd5 Qxd5 3. c4 Qe4+ 4. Qe2 f5 5. Qxe4 fxe4 6. Nc3 Nf6 7. d4 c6 8. f3 Bf5 9. fxe4 Bxe4 10. Nxe4 Nxe4
11. Bd3 Nd6 12. c5 Nf7 13. Bc4 Nh6 14. Bxh6 gxh6 15. Nf3 Nd7 16. Be6 Nf6 17. O-O h5 18. Ne5 h4 19. Rf4 h3 20. g4 Bh6
21. Rf3 Rd8 22. Rd1 Rf8 23. Rxh3 Ne4 24. Rxh6 Rf2 25. Rxh7 Ng5 26. Rh8+ Rf8 27. Rxf8+ Kxf8 28. h4 Nxe6 29. g5 Nf4 30. Rf1 Rxd4
31. Ng6+ Kg7 32. Nxf4 e5 33. Ne6+ Kg6 34. Nxd4 exd4 35. Rd1 b5 36. cxb6 axb6 37. Rxd4 c5 38. Rd6+
1-0

[Event "2005 Standard Chess Dropout Tournament, Round 2"]
[Site "SchemingMind.com"]
[Date "2005.04.04"]
[Round "2"]
[White "KnightRampant"]
[Black "Thegreatpolgar"]
[Result "1-0"]
[WhiteCountry "USA"]
[BlackCountry "DEN"]
[WhiteElo "1986"]
[WhiteRD "104"]
[BlackElo "1907"]
[BlackRD "138"]
[GameID "12043"]

1. c4 f5 2. g3 Nf6 3. Bg2 g6 4. Nc3 c6 5. d4 Bg7 6. Nf3 d6 7. O-O O-O 8. d5 Qb6 9. Ng5 h6 10. Ne6 Bxe6
11. dxe6 Qb4 12. Qd3 Na6 13. a3
1-0

[Event "2005 Standard Chess Dropout Tournament, Round 2"]
[Site "SchemingMind.com"]
[Date "2005.04.04"]
[Round "2"]
[White "latvija"]
[Black "Henry Winter"]
[Result "1-0"]
[WhiteCountry "USA"]
[BlackCountry "IRL"]
[WhiteElo "2037"]
[WhiteRD "141"]
[BlackElo "1903"]
[BlackRD "167"]
[GameID "12045"]

1. e4 e6 2. d3 d5 3. Nd2 c5 4. Ngf3 Nc6 5. g3 Bd6 6. Bg2 Nge7 7. O-O O-O 8. Re1 Qc7 9. c3 Bd7 10. Qe2 f6
11. Nb3 b6 12. d4 c4 13. e5 fxe5 14. dxe5 Nxe5 15. Nxe5 Bxe5 16. Qxe5 Qxe5 17. Rxe5 Nc6 18. Re1 cxb3 19. axb3 Na5 20. Ra3 Rf7
21. c4 Rc8 22. cxd5 Rc2 23. Be4 Rc8 24. Bd2 Kh8 25. Bxa5 bxa5 26. Rxa5 exd5 27. Bxd5 Rf5 28. b4 Rd8 29. Re7 h6 30. Bb3 Rxa5
31. bxa5 a6 32. Bc4 Bc6 33. f4 Rd1+ 34. Kf2 Rd2+ 35. Ke3 Rxb2 36. Bxa6 Rxh2 37. Rc7 Bd5 38. Rc8+ Kh7 39. Bd3+ g6 40. Rc7+ Kh8
41. a6 Rh3 42. a7 Rxg3+ 43. Kd4 Bg2 44. Re7
1-0

[Event "2005 Standard Chess Dropout Tournament, Round 2"]
[Site "SchemingMind.com"]
[Date "2005.04.09"]
[Round "2"]
[White "libertango"]
[Black "Gambito"]
[Result "1-0"]
[WhiteCountry "ITA"]
[BlackCountry "ESP"]
[WhiteElo "1669"]
[WhiteRD "173"]
[BlackElo "1604"]
[BlackRD "138"]
[GameID "12047"]

1. d4 d5 2. c4 c6 3. Nc3 e6 4. Nf3 Nf6 5. Bg5 Be7 6. e3 O-O 7. Qc2 Nbd7 8. Bd3 dxc4 9. Bxc4 Ne8 10. Bxe7 Qxe7
11. O-O Nb6 12. Bd3 g6 13. Rac1 f6 14. Ne4
1-0

[Event "2005 Standard Chess Dropout Tournament, Round 2"]
[Site "SchemingMind.com"]
[Date "2005.04.04"]
[Round "2"]
[White "Madocillo"]
[Black "juanca"]
[Result "1-0"]
[WhiteCountry "GER"]
[BlackCountry "ESP"]
[WhiteElo "1892"]
[WhiteRD "193"]
[BlackElo "1507"]
[BlackRD "198"]
[GameID "12048"]

1. d4 d5 2. Nc3 Nf6 3. Bg5 e6 4. e4 Be7 5. e5 Ng8 6. Be3 Bg5 7. Qd2 Bxe3 8. Qxe3 Ne7 9. Nf3 h6 10. g4 Nbc6
11. O-O-O Na5 12. Nd2 Qd7 13. f4 Qc6 14. Bb5 Bd7 15. Bxc6 Bxc6 16. Rhf1 O-O-O 17. f5 Bd7 18. f6 gxf6 19. Rxf6 h5 20. Rxf7 Rde8
21. g5 Nf5 22. Rxf5 exf5 23. Nxd5 Be6 24. Nf4 Bg8 25. Nf3 Nc4 26. Qd3 Bd5 27. Nxd5
1-0

[Event "2005 Standard Chess Dropout Tournament, Round 2"]
[Site "SchemingMind.com"]
[Date "2005.04.06"]
[Round "2"]
[White "Mayaune"]
[Black "Spohn"]
[Result "0-1"]
[WhiteCountry "FRA"]
[BlackCountry "USA"]
[WhiteElo "1135"]
[WhiteRD "91"]
[BlackElo "1636"]
[BlackRD "61"]
[GameID "12049"]

1. e4 c5 2. Bc4 Nc6 3. c3 Ne5 4. d3 Nxc4 5. dxc4 d6 6. h3 e6 7. Nf3 Be7 8. Nbd2 Bd7 9. O-O Nf6 10. Re1 O-O
11. b4 Rb8 12. b5 a6 13. a4 d5 14. exd5 exd5 15. Nb3 dxc4 16. Nbd2 axb5 17. axb5 Bxb5 18. Qe2 Re8 19. Qf1 Qd3 20. Qxd3 cxd3
21. c4 Bc6 22. Ne5 Rbc8 23. Ra3 Bd6 24. Ndf3 Bxe5 25. Rxe5 Bxf3 26. Rxe8+ Rxe8 27. gxf3 Rd8 28. Bd2 h6 29. Kf1 Ne8 30. Ke1 Nc7
31. Kd1 b5 32. Ba5 Ra8 33. cxb5 Nxb5 34. Kd2 c4 35. Ra1 Nd4 36. Kc3 Nb3
0-1

[Event "2005 Standard Chess Dropout Tournament, Round 2"]
[Site "SchemingMind.com"]
[Date "2005.04.04"]
[Round "2"]
[White "neoliminal"]
[Black "Ninaber"]
[Result "0-1"]
[WhiteCountry "CRC"]
[BlackCountry "NED"]
[WhiteElo "1403"]
[WhiteRD "74"]
[BlackElo "1994"]
[BlackRD "139"]
[GameID "12051"]

1. d4 d5 2. Bf4 c5 3. Nf3 Nf6 4. dxc5 Na6 5. Qd4 e6 6. e3 Bxc5 7. Qd1 Qb6 8. Nc3 Qxb2 9. Be5 Bb4 10. Rb1 Bxc3+
11. Bxc3 Qxc3+ 12. Nd2 Nc5 13. Be2 Nfe4 14. O-O Nxd2 15. Rb5 Nxf1 16. Bxf1 Bd7 17. Rb1 O-O 18. h4 Rfc8 19. f3 Qxe3+ 20. Kh1 Qf2
0-1